Climate change and global health / (Record no. 216441)
[ view plain ]
| 000 -LEADER | |
|---|---|
| fixed length control field | 00865cam a2200253 i 4500 |
| 005 - DATE AND TIME OF LATEST TRANSACTION | |
| control field | 20260408092234.0 |
| 008 - FIXED-LENGTH DATA ELEMENTS--GENERAL INFORMATION | |
| fixed length control field | 140430t20142014enkab b 001 0 eng |
| 010 ## - LIBRARY OF CONGRESS CONTROL NUMBER | |
| LC control number | 2014011556 |
| 020 ## - INTERNATIONAL STANDARD BOOK NUMBER | |
| International Standard Book Number | 9781780642659 |
| Qualifying information | hbk : alk. paper |
| 040 ## - CATALOGING SOURCE | |
| Original cataloging agency | LC |
| Transcribing agency | UNZA |
| Description conventions | RDA |
| 050 00 - LIBRARY OF CONGRESS CALL NUMBER | |
| Classification number | RA 793 |
| Item number | CLI 2014 |
| 245 00 - TITLE STATEMENT | |
| Title | Climate change and global health / |
| Statement of responsibility, etc. | edited by Professor Colin D. Butler, Faculty of Health, The University of Canberra, University Drive, Bruce, ACT 2617, Australia. |
| 260 ## - PUBLICATION, DISTRIBUTION, ETC. | |
| Place of publication, distribution, etc. | Boston : |
| Name of publisher, distributor, etc. | CABI, |
| Date of publication, distribution, etc. | 2014. |
| 300 ## - PHYSICAL DESCRIPTION | |
| Extent | xxiv, 303 pages : |
| Other physical details | illustrations. |
| 336 ## - CONTENT TYPE | |
| CONTENT TYPE | text |
| 337 ## - MEDIA TYPE | |
| MEDIA TYPE | unmediated |
| 338 ## - CARRIER TYPE | |
| CARRIER TYPE | volume |
| 504 ## - BIBLIOGRAPHY, ETC. NOTE | |
| Bibliography, etc. note | Includes bibliographical references and index. |
| 650 #0 - SUBJECT ADDED ENTRY--TOPICAL TERM | |
| Topical term or geographic name entry element | Climatic changes |
| General subdivision | Health aspects. |
| 650 #0 - SUBJECT ADDED ENTRY--TOPICAL TERM | |
| Topical term or geographic name entry element | Medical climatology. |
| 650 #0 - SUBJECT ADDED ENTRY--TOPICAL TERM | |
| Topical term or geographic name entry element | World health. |
| 700 1# - ADDED ENTRY--PERSONAL NAME | |
| Personal name | Butler, Colin D. |
| Relator term | editor |
| 942 ## - ADDED ENTRY ELEMENTS (KOHA) | |
| Koha item type | Book |
| 999 ## - | |
| -- | 216441 |
| -- | 216441 |
| Withdrawn status | Lost status | Source of classification or shelving scheme | Damaged status | Not for loan | Collection code | Home library | Current library | Shelving location | Date acquired | Source of acquisition | Cost, normal purchase price | Total Checkouts | Full call number | Barcode | Date last seen | Copy number | Price effective from | Koha item type |
|---|---|---|---|---|---|---|---|---|---|---|---|---|---|---|---|---|---|---|
| Library of Congress Classification | Non-fiction | Main Library | Main Library | On Shelf | 03/18/2026 | Donation | 300.00 | RA 793 CLI 2014 | 33729006809797 | 03/18/2026 | 1 | 03/18/2026 | Book | |||||
| Library of Congress Classification | Non-fiction | Main Library | Main Library | On Shelf | 03/18/2026 | Donation | 300.00 | RA 793 CLI 2014 | 33729006809805 | 03/18/2026 | 2 | 03/18/2026 | Book | |||||
| Library of Congress Classification | Non-fiction | Main Library | Main Library | On Shelf | 03/18/2026 | Donation | 300.00 | RA 793 CLI 2014 | 33729006809854 | 03/18/2026 | 3 | 03/18/2026 | Book |